[Event "Asian Zone 3.3"]
[Site "Tagaytay City PHI"]
[Date "2013.01.25"]
[Round "5.15"]
[White "Gotel,Michael"]
[Black "Yeoh,L"]
[Result "1/2-1/2"]
[WhiteElo "2161"]
[BlackElo "2278"]

1.d4 Nf6 2.c4 c5 3.d5 e6 4.Nc3 exd5 5.cxd5 d6 6.Nf3 g6 7.h3 Bg7 8.Bg5 O-O
9.e3 Re8 10.Nd2 Nbd7 11.Be2 a6 12.a4 b5 13.O-O Bb7 14.e4 h6 15.Bh4 g5 16.Bg3 Ne5
17.f4 gxf4 18.Bxf4 Kh8 19.Qb3 Nfd7 20.Be3 Rg8 21.Rf5 Bf8 22.Bf2 Bc8 23.Nd1 Nf6
24.Ne3 Bxf5 25.Nxf5 Qd7 26.Qc2 Re8 27.Bh4 Nxe4 28.Qxe4 Ng6 29.Bf6+ Kh7 30.Qf3 Rxe2
31.Ne4 Ne7 32.Nfg3 Rxe4 33.Qxe4+ Rg6 34.Rf1 Ng8 35.Nh5 Qxh3 36.Qxg6+ Kxg6
37.gxh3 Kxh5 38.Bd8 Kg6 39.Bb6 Nf6 40.Rd1 Ne4 41.b4 cxb4 42.Rd4 Nc3 43.Rxb4 Nxd5
44.Rg4+ Kf5 45.a5 Nf4 46.Kf1 d5 47.Rg3 Bd6 48.Rg8 Nd3 49.Rh8 Ke4 50.Rxh6 Be5
51.Bd8 Nc5 52.Bb6 Ne6 53.Ke2 d4 54.Rh4+ Nf4+ 55.Kd2 f5 56.Rh7 Nd5 57.Rd7 Bf4+
58.Kc2 d3+ 59.Kb3 Bg5 60.Bf2 f4 61.h4 Bh6 62.h5 Ne3 63.Be1 Bg5 64.Rd6 Kf3
65.h6 Bxh6 66.Rxh6 Ke2 67.Bc3 f3 68.Rxa6 f2 69.Rf6 Nd5 70.Rxf2+ Kxf2 71.a6 Ke2
72.a7 Nxc3 73.a8=Q d2 74.Qg2+ Ke1 75.Qg3+ Ke2 76.Qe5+ Kf2 77.Qd4+ Ke2 78.Qg4+  1/2-1/2

[Event "TCh-HUN 2012-13"]
[Site "Budapest HUN"]
[Date "2013.01.27"]
[Round "6"]
[White "Hera,I"]
[Black "Szamoskozi,G"]
[Result "1-0"]
[WhiteElo "2570"]
[BlackElo "2368"]

1.d4 Nf6 2.c4 c5 3.d5 e6 4.Nc3 exd5 5.cxd5 d6 6.Nf3 g6 7.Bf4 Bg7 8.Qa4+ Bd7
9.Qb3 Qc7 10.e4 O-O 11.Nd2 Nh5 12.Be3 f5 13.exf5 gxf5 14.Be2 f4 15.Bxc5 f3
16.Bxf3 Rxf3 17.gxf3 Qxc5 18.Qxb7 Bxc3 19.bxc3 Qxc3 20.Rb1 Nf4 21.Rg1+ Kf7
22.Rg4 Qe5+ 23.Ne4 Nxd5 24.Rg5  1-0

[Event "TCh-CZE Div1 Vychod 2012-13"]
[Site "Czech Republic CZE"]
[Date "2013.01.27"]
[Round "6.3"]
[White "Cerveny,M"]
[Black "Chytilek,R"]
[Result "1/2-1/2"]
[WhiteElo "2328"]
[BlackElo "2397"]

1.d4 Nf6 2.c4 e6 3.Nf3 c5 4.d5 exd5 5.cxd5 d6 6.Nc3 g6 7.h3 a6 8.a4 Bg7 9.e4 Nbd7
10.Be2 O-O 11.O-O Re8 12.Nd2 g5 13.Nc4 Nxe4 14.Nxe4 Rxe4 15.Bd3 Rh4 16.Nxd6 Ne5
17.Nxc8 Rd4 18.Bxh7+ Kxh7 19.Qh5+ Kg8 20.f4 Ng6 21.f5 Nf4 22.Bxf4 gxf4 23.Qg4 Qf6
24.Rad1 Rxc8 25.Rxf4 Rd8 26.Rdxd4 cxd4 27.Qf3 Rc8 28.d6 Qxd6 29.f6 Rc1+ 30.Kf2 Bh6
31.Rg4+ Kf8 32.Rh4 Rc2+ 33.Kg1 Rc1+ 34.Kf2 Qe5 35.Re4 Rc2+ 36.Kf1 Rc1+ 37.Kf2 Qc5
38.b4 Rc2+ 39.Kg1 Rc1+ 40.Kf2 Qd6 41.Rh4 Qe5 42.Re4 Qd6 43.Rh4 Qh2 44.Qe2 Qd6
45.Qf3  1/2-1/2

[Event "13th ch-CRO 2013"]
[Site "Plitvicka Jezera CRO"]
[Date "2013.01.27"]
[Round "7.1"]
[White "Kozul,Z"]
[Black "Martinovic,Sa"]
[Result "0-1"]
[WhiteElo "2637"]
[BlackElo "2538"]

1.d4 Nf6 2.c4 e6 3.Nf3 c5 4.d5 d6 5.Nc3 exd5 6.cxd5 g6 7.Bg5 h6 8.Bh4 a6
9.Nd2 b5 10.e4 Bg7 11.Qc2 O-O 12.a4 b4 13.Nd1 Re8 14.Ne3 b3 15.Qb1 Qa5 16.Bxf6 Bxf6
17.Nc4 Qc7 18.Bd3 Nd7 19.O-O Rb8 20.Ra3 Rb4 21.Rxb3 Rxa4 22.Qc2 Ne5 23.Rb1 Bd7
24.Nxe5 Bxe5 25.Ra3 Rb4 26.Rxa6 Qb7 27.Ra2 Bb5 28.b3 Rb8 29.g3 Bd4 30.Rd1 h5
31.Bxb5 Qxb5 32.Nc4 Rxb3 33.Nxd6 Qd7 34.Nc4 h4 35.Ra8 hxg3 36.Rxb8+ Rxb8
37.hxg3 Qh3 38.Qd3 Kg7 39.Qf3 Rh8 40.Nd6 Qh2+ 41.Kf1 Qh3+ 42.Ke2 Qd7 43.Qf4 Rh2
44.Rxd4 cxd4 45.e5 Qa7 46.Qf6+ Kg8 47.Qd8+ Kh7 48.Ne4 Qa6+ 49.Kd2 Qa2+ 50.Kd3 Qb3+
51.Kxd4 Qb2+ 52.Kd3 Qxe5 53.d6 Rh1 54.Qe7 Qd5+ 55.Ke2 Qh5+ 56.f3 Qb5+ 57.Kd2 Qb2+
58.Ke3 Qc1+ 59.Kd4 Qb2+ 60.Nc3 Qf2+ 61.Kc4 Qxf3 62.d7 Qc6+ 63.Kb3 Qb7+ 64.Kc4 Qc6+
65.Kd4 Qb6+ 66.Qc5 Qf6+ 67.Qe5 Qb6+ 68.Kd3 Qa6+ 69.Kd2 Rh2+ 70.Ke3 Qa7+  0-1

[Event "Imperial College Open"]
[Site "London ENG"]
[Date "2013.02.02"]
[Round "3"]
[White "Haridas,Girinath"]
[Black "Kreuzer,C"]
[Result "0-1"]
[WhiteElo "1780"]
[BlackElo "1949"]

1.d4 Nf6 2.c4 e6 3.Nf3 c5 4.d5 d6 5.Nc3 exd5 6.cxd5 Bf5 7.Bf4 Be7 8.Qa4+ Qd7
9.Qxd7+ Nbxd7 10.Nh4 Be4 11.f3 Bxd5 12.Nb5 Nh5 13.Bg3 Nxg3 14.hxg3 Be6 15.Nc7+ Kd8
16.Nxa8 g5 17.Rc1 gxh4 18.Rc3 Kc8 19.gxh4 h5 20.e4 Kb8 21.f4 Kxa8 22.Bb5 Nf6
23.Bd3 Bd7 24.Kf2 Bc6 25.Re1 Ng4+ 26.Kg3 Bf6 27.Rc2 Rg8 28.Kh3 Bd7 29.f5 Be5
30.g3 Nf2+ 31.Rxf2 Rxg3+ 32.Kh2 Rxd3+ 33.Kg2 Rg3+ 34.Kh1 Bc6 35.Rd2 Rg4 36.Rde2 Bg3
37.Rg1 Rxe4 38.Rxg3 Rxe2+ 39.Kg1 Rg2+ 40.Rxg2 Bxg2 41.Kxg2 d5 42.f6 d4 43.Kf3 Kb8
44.Ke4 Kc7 45.b4 b6 46.a4 Kd6 47.a5 Ke6 48.a6 Kxf6 49.b5 Ke6 50.Kf4 c4 51.Kg5 d3
52.Kxh5 d2 53.Kh6 d1=Q 54.h5 Kf6 55.Kh7 Qxh5+ 56.Kg8 Qc5 57.Kh7 Qg1  0-1

[Event "Asian Zonal 3.2 2013"]
[Site "Thulhiriya City PHI"]
[Date "2013.02.03"]
[Round "1.14"]
[White "Doluweera,Dinul Thisura"]
[Black "Thapa,K"]
[Result "1/2-1/2"]
[WhiteElo "1780"]
[BlackElo "2040"]

1.d4 Nf6 2.c4 c5 3.d5 e6 4.Nc3 exd5 5.cxd5 d6 6.Nf3 g6 7.g3 Bg7 8.Bg2 O-O
9.O-O Na6 10.Nd2 Nc7 11.a4 a6 12.Nc4 Rb8 13.Bf4 Nce8 14.a5 Nh5 15.Bd2 Bd7
16.Qb3 Qe7 17.Rfe1 Nhf6 18.Qb6 Bb5 19.Nxb5 Nd7 20.Qa7 axb5 21.Nb6 Nc7 22.Bc3 Bh6
23.Nxd7 Qxd7 24.e4 Qd8 25.b3 b4 26.Bb2 f6 27.Qb6 Bg7 28.Rad1 Rf7 29.Bh3 Re7
30.f4 Ne8 31.Qxd8 Rxd8 32.Ra1 Nc7 33.Bc1 Ra8 34.Be3 Rf8 35.Bf2  1/2-1/2

[Event "Asian Zonal 3.2 2013"]
[Site "Thulhiriya City PHI"]
[Date "2013.02.03"]
[Round "1.16"]
[White "Gunaratne,Mojitha Sathsara"]
[Black "Wijekoon,C"]
[Result "1/2-1/2"]
[WhiteElo "1700"]
[BlackElo "2032"]

1.d4 Nf6 2.c4 e6 3.Nc3 c5 4.d5 exd5 5.cxd5 d6 6.Nf3 g6 7.g3 Bg7 8.Bg2 O-O
9.O-O Na6 10.Nd2 Nc7 11.a4 a6 12.Nc4 Nfe8 13.Bf4 g5 14.Bc1 f5 15.f4 g4 16.e4 fxe4
17.Nxe4 h6 18.Nb6 Rb8 19.Nxc8 Qxc8 20.Rb1 b5 21.axb5 Rxb5 22.Be3 Qf5 23.Nc3 Rb4
24.Re1 Nf6  1/2-1/2

[Event "ch-TUR 2013"]
[Site "Antalya TUR"]
[Date "2013.02.05"]
[Round "5.66"]
[White "Zor,Alber Kadir"]
[Black "Aksoy,Ayca"]
[Result "1-0"]
[WhiteElo "1920"]
[BlackElo "1707"]

1.d4 Nf6 2.Nf3 e6 3.c4 c5 4.d5 exd5 5.cxd5 d6 6.Nc3 g6 7.Bf4 Bg7 8.Qa4+ Bd7
9.Qb3 Qc7 10.Nd2 Nh5 11.Nb5 Bxb5 12.Qxb5+ Nd7 13.Be3 O-O 14.g3 a6 15.Qb3 b5
16.Bg2 Nb6 17.O-O Nf6 18.Rac1 Rfe8 19.Rfd1 Qd7 20.Bf3 c4 21.Qa3 a5 22.Bxb6 b4
23.Qxa5 Rxa5 24.Bxa5 c3 25.bxc3 bxc3 26.Bxc3 Rc8 27.Bb4 Bf8 28.a3 Rc7 29.Nb3 Rxc1
30.Rxc1 Qf5 31.Nd2 Qe5 32.e4 Kg7 33.Rc7 Qa1+ 34.Kg2 Ne8 35.Bc3+  1-0

[Event "ch-TUR 2013"]
[Site "Antalya TUR"]
[Date "2013.02.07"]
[Round "8.14"]
[White "Gurel,A"]
[Black "Kanmazalp,O"]
[Result "0-1"]
[WhiteElo "1995"]
[BlackElo "2389"]

1.d4 Nf6 2.c4 e6 3.Nf3 c5 4.d5 d6 5.Nc3 exd5 6.cxd5 g6 7.Nd2 Nbd7 8.Nc4 Nb6
9.e4 Bg7 10.Bf4 Nxc4 11.Bxc4 O-O 12.O-O a6 13.a4 Ng4 14.Qd2 Ne5 15.Be2 f5
16.Bg5 Qe8 17.Rae1 h6 18.Be3 g5 19.f4 gxf4 20.Rxf4 Qg6 21.Ref1 Bd7 22.exf5 Bxf5
23.Rh4 Bg4 24.Rxf8+ Rxf8 25.Bf4 h5 26.Bg5 Bxe2 27.Nxe2 Bh6  0-1

[Event "TCh-CZE Div1 Vychod 2012-13"]
[Site "Czech Republic CZE"]
[Date "2013.02.10"]
[Round "7.4"]
[White "Jedlicka,A"]
[Black "Worek,J"]
[Result "1/2-1/2"]
[WhiteElo "2224"]
[BlackElo "2278"]

1.d4 Nf6 2.c4 c5 3.d5 e6 4.Nc3 exd5 5.cxd5 d6 6.Nf3 g6 7.h3 Bg7 8.e4 O-O
9.Bd3 b5 10.Nxb5 Re8 11.O-O Nxe4 12.Re1 a6 13.Na3 Nf6 14.Rxe8+ Nxe8 15.Bg5 f6
16.Bh4 Nd7 17.Nc4 Bb7 18.Ne3 Nc7 19.Bc4 Kh8 20.Qd3 Qf8 21.g4 Re8 22.Bg3 Ne5
23.Nxe5 fxe5 24.Re1 Bh6 25.Nc2 Bf4 26.b4 cxb4 27.Nxb4 Bxg3 28.Qxg3 a5 29.Nc6 Qf6
30.Rd1 a4 31.Qe3 Rf8 32.Rd2 Qf4 33.Qxf4 Rxf4 34.Na5 Ba8 35.Rb2 Bxd5 36.Rb8+ Kg7
37.Bxd5 Nxd5 38.Rd8 Nc3 39.Rxd6 Nxa2 40.Nc6 Nc3 41.Rd3 Ne4 42.f3 Ng5 43.Nxe5 Kf6
44.h4 Kxe5 45.hxg5 Rd4 46.Rc3 Kf4 47.Kg2 Rd2+ 48.Kh3 Kxg5 49.Kg3 Rb2 50.Rc7 h5
51.f4+ Kf6 52.Rc6+ Kf7 53.Rc7+ Kf8 54.Ra7 Rb4 55.gxh5 gxh5 56.Ra5 h4+ 57.Kxh4 Rxf4+
58.Kg3 Rb4 59.Kf3 Ke7 60.Ke3 Kd6 61.Kd3 Kc6 62.Kc3 Rh4 63.Kb2  1/2-1/2

[Event "Novy Bor Open A 2013"]
[Site "Novy Bor CZE"]
[Date "2013.02.10"]
[Round "2"]
[White "Bartos,J"]
[Black "Grela,K"]
[Result "1/2-1/2"]
[WhiteElo "2154"]
[BlackElo "1971"]

1.d4 Nf6 2.c4 c5 3.d5 e6 4.Nc3 exd5 5.cxd5 d6 6.Nf3 g6 7.Bf4 Bg7 8.Qa4+ Bd7
9.Qb3 Qc7 10.e4 O-O 11.Be2 Re8 12.Nd2 Na6 13.O-O Reb8 14.Nc4 Ne8 15.e5 dxe5
16.d6 Nxd6 17.Nd5 Qd8 18.Nxe5 Be6 19.Rad1 Nb4 20.Nc4 Nxd5 21.Bxd6 b5 22.Bxb8 bxc4
23.Qxc4 Rxb8 24.Qxc5 Qb6 25.Rxd5 Bxd5 26.Qxd5 Qxb2 27.Bc4  1/2-1/2

[Event "ch-ROU 2013"]
[Site "Baile Olanesti ROU"]
[Date "2013.02.16"]
[Round "1.2"]
[White "Tanase,F"]
[Black "Lupulescu,C"]
[Result "0-1"]
[WhiteElo "2076"]
[BlackElo "2612"]

1.d4 Nf6 2.c4 c5 3.d5 e6 4.Nc3 exd5 5.cxd5 d6 6.Nf3 g6 7.g3 Bg7 8.Bg2 O-O
9.O-O Re8 10.Nd2 b6 11.Nc4 Ba6 12.Qb3 Bxc4 13.Qxc4 a6 14.a4 b5 15.Qh4 b4
16.Ne4 Nxe4 17.Qxd8 Rxd8 18.Bxe4 Nd7 19.Rb1 Re8 20.Bf3 c4 21.Bf4 Be5 22.Rfc1 Bxf4
23.gxf4 Rac8 24.a5 Rc5 25.Rc2 Rec8 26.Rbc1 c3 27.bxc3 b3 28.Rb2 Rxc3 29.Rcb1 Nc5
30.e3 Rc2 31.Kg2 Rb8 32.Bd1 Rxb2 33.Rxb2 Rb5 34.Rb1 Rxa5 35.Bxb3 Rb5 36.Bc2 Rxb1
37.Bxb1 Na4 38.Kf1 Nc3 39.Bd3 a5 40.Ke1 Nxd5 41.Kd2 Kf8 42.f5 g5 43.e4 Nb6
44.Ke3 f6 45.f4 gxf4+ 46.Kxf4 Kg7 47.Bb1 Kh6 48.Ba2 a4 49.Ke3 Kg5 50.Kd4 Kf4
51.Bb1 h5 52.Kc3 d5 53.exd5 Nxd5+ 54.Kc4 Ne3+ 55.Kb4 h4 56.Bd3 Ng4 57.h3 Nf2
58.Bf1 Kg3 59.Kxa4 Nxh3 60.Kb3 Nf4  0-1

[Event "TCh-CZE Extraliga 2012-13"]
[Site "Czech Republic CZE"]
[Date "2013.02.16"]
[Round "5.4"]
[White "Markos,J"]
[Black "Klima,L"]
[Result "1/2-1/2"]
[WhiteElo "2584"]
[BlackElo "2340"]

1.d4 Nf6 2.c4 e6 3.Nc3 c5 4.d5 exd5 5.cxd5 d6 6.Nf3 g6 7.Nd2 Bg7 8.Nc4 O-O
9.Bf4 Ne8 10.e3 Nd7 11.Be2 Ne5 12.Bxe5 Bxe5 13.Nxe5 dxe5 14.Qd2 Nd6 15.e4 Bd7
16.a4 Qe7 17.O-O Kg7 18.Bb5 b6 19.Qe2 f6 20.Ra3 Rab8 21.a5 Nxb5 22.Nxb5 a6
23.d6 Qe6 24.Nc7 Qxd6 25.Nxa6 Rbd8 26.Rc1 c4 27.Qe3 bxa5 28.Nc5 Bc8 29.h4 Qd2
30.Rxc4 Qxe3 31.Rxe3 Rd1+ 32.Kh2 Rd2 33.Rec3 Rxb2 34.Nd3 Rb8 35.Rc7+ Kg8
36.Ra7 Rf7 37.Rxa5 Bd7 38.Rc7 Be6 39.Rc6 Bd7 40.Rd6 Be8 41.Nc5 Rb5 42.Ra8 Rxc5
43.Rxe8+ Kg7 44.f3  1/2-1/2

[Event "ch-ROU 2013"]
[Site "Baile Olanesti ROU"]
[Date "2013.02.17"]
[Round "2.7"]
[White "Stegariu,V"]
[Black "Filip,L"]
[Result "1/2-1/2"]
[WhiteElo "2201"]
[BlackElo "2464"]

1.d4 Nf6 2.c4 e6 3.Nf3 c5 4.d5 d6 5.Nc3 exd5 6.cxd5 g6 7.Bg5 Bg7 8.Nd2 h6
9.Bh4 a6 10.a4 g5 11.Bg3 Nh5 12.e3 Nxg3 13.hxg3 Nd7 14.Nc4 Ne5 15.Nxe5 Bxe5
16.a5 Rb8 17.Qc2 b5 18.axb6 Qxb6 19.Ra2 Qb3 20.Qxb3 Rxb3 21.Nd1 Bb7 22.Bc4 Rb4
23.b3 f5 24.f4 Bf6 25.Nf2 Kf7 26.Ke2 Kg7 27.Kd3 Ra8 28.g4 gxf4 29.exf4 Bc8
30.gxf5 Bxf5+ 31.Ke2 a5 32.g4  1/2-1/2

[Event "ch-CHI Final 2013"]
[Site "Iquique CHI"]
[Date "2013.02.18"]
[Round "7.4"]
[White "Avalos Parra,J"]
[Black "Lopez Silva,H"]
[Result "1-0"]
[WhiteElo "2181"]
[BlackElo "2403"]

1.d4 Nf6 2.c4 c5 3.d5 e6 4.Nc3 exd5 5.cxd5 d6 6.Nf3 g6 7.Qa4+ Bd7 8.Qb3 Qc7
9.e4 a6 10.a4 Bg7 11.Bc4 O-O 12.O-O Bg4 13.Nd2 b6 14.h3 Bc8 15.f4 Nbd7 16.e5 dxe5
17.Nde4 Bb7 18.f5 Kh8 19.Bg5 Rab8 20.Rad1 Nxe4 21.Nxe4 b5 22.f6 Nxf6 23.Nxf6 bxc4
24.Qg3 h5 25.Qh4 Bxf6 26.Bxf6+ Kh7  1-0

[Event "ch-ROU 2013"]
[Site "Baile Olanesti ROU"]
[Date "2013.02.19"]
[Round "5.2"]
[White "Parligras,M"]
[Black "Anton,T"]
[Result "1-0"]
[WhiteElo "2633"]
[BlackElo "2437"]

1.d4 Nf6 2.c4 c5 3.d5 e6 4.Nf3 exd5 5.cxd5 d6 6.Nc3 a6 7.a4 g6 8.Nd2 Bg7
9.e4 O-O 10.Be2 Re8 11.O-O Nbd7 12.Re1 Qc7 13.h3 Rb8 14.Qc2 h6 15.Ra3 c4
16.a5 Ne5 17.Nd1 Bd7 18.f4 Qc5+ 19.Nf2 Nd3 20.Bxd3 cxd3 21.Qxc5 dxc5 22.Nxd3 Bb5
23.d6 c4 24.Ne5 Bf8 25.Ndxc4 Bxc4 26.Nxc4 Rxe4 27.Rxe4 Nxe4 28.Rd3 Nxd6 29.Nb6 Re8
30.Be3 Nf5 31.Bf2 Re2 32.Rd8 Kg7 33.g4 Ne3 34.Re8 Bc5 35.b4 Bd4 36.Re4  1-0

[Event "ch-ROU 2013"]
[Site "Baile Olanesti ROU"]
[Date "2013.02.22"]
[Round "9.18"]
[White "Georgescu,T"]
[Black "Giurumia,S"]
[Result "1-0"]
[WhiteElo "2396"]
[BlackElo "2124"]

1.d4 Nf6 2.c4 c5 3.d5 e6 4.Nc3 exd5 5.cxd5 d6 6.Nf3 g6 7.Bf4 a6 8.a4 Bg7
9.h3 O-O 10.e3 Ne8 11.Be2 Nd7 12.O-O Qe7 13.Nd2 g5 14.Bh2 f5 15.Re1 Ne5 16.f4 Ng6
17.Nc4 Bd7 18.Kh1 gxf4 19.exf4 Rd8 20.Nb6 Qh4 21.Bf3 Nc7 22.Qd2 Be8 23.Rab1 Bf7
24.Ne2 Bh6 25.g3 Qf6 26.Bg1 Na8 27.Nxa8 Rxa8 28.b4 b6 29.bxc5 bxc5 30.Qc3 Qd8
31.Be3 Bg7 32.Qd3 Qa5 33.Qxf5 Rab8 34.Qc2 Rxb1 35.Rxb1 Ne7 36.Bd2 Qc7 37.Be4 Nxd5
38.Bxh7+ Kh8 39.Bg6 Re8 40.Re1 Ne3 41.Bxe3 Bd5+ 42.Kh2 Rxe3 43.Qf5 Bf3 44.Bh5 Rxe2+
45.Rxe2 Bxe2 46.Bxe2 c4 47.Qh5+ Kg8 48.Qd5+ Kh7 49.Bxc4 Bb2 50.Qg8+ Kh6 51.Qg5+ Kh7
52.Bd3+ Kh8 53.Qh6+ Kg8 54.Qg6+ Kf8 55.Qf5+ Kg8 56.Bxa6 Qc5 57.Qxc5  1-0

[Event "ch-Central Serbia 2013"]
[Site "Pozarevac SRB"]
[Date "2013.02.22"]
[Round "7.3"]
[White "Antic,De"]
[Black "Dudukovic,N"]
[Result "1/2-1/2"]
[WhiteElo "2473"]
[BlackElo "2299"]

1.d4 Nf6 2.c4 c5 3.d5 e6 4.Nc3 exd5 5.cxd5 d6 6.Nf3 g6 7.g3 Bg7 8.Bg2 O-O
9.O-O Re8 10.Bf4 Ne4 11.Nxe4 Rxe4 12.Nd2 Rxf4 13.gxf4 Bxb2 14.Rb1 Bg7 15.Qa4 Na6
16.Nc4 Nc7 17.Qc2 b5 18.Na5 Qh4 19.Nc6 Bh3 20.Bxh3 Qxh3 21.f3 a6 22.e4 Qh4
23.f5 b4 24.Nxb4 Nb5 25.Nc6 Na3 26.Qf2 Qg5+ 27.Qg3 Qe3+ 28.Qf2 Qg5+ 29.Qg3 Qe3+
30.Kg2 Nxb1 31.Rxb1 Qd2+ 32.Qf2 Qg5+ 33.Qg3 Qd2+ 34.Qf2 Qg5+ 35.Qg3 Qd2+
36.Kh3 Qh6+ 37.Qh4 Qe3 38.Kg2 Bd4 39.Nxd4 cxd4 40.fxg6 hxg6 41.Qf2 Qg5+ 42.Kh1 d3
43.f4 Qf6 44.Rd1 Re8 45.Qf3 Qb2 46.Qxd3 Qxa2 47.Re1 Qf2 48.Rf1 Qh4 49.Qe3 a5
50.e5 Qh5 51.Re1 f6 52.Qe4 fxe5 53.Rg1  1/2-1/2

[Event "33rd TCh-IND 2013"]
[Site "Hyderabad IND"]
[Date "2013.02.23"]
[Round "4.5"]
[White "Sreejith,G"]
[Black "Lakshmi Narayanan,M"]
[Result "1-0"]
[WhiteElo "2058"]
[BlackElo "2153"]

1.d4 c5 2.d5 Nf6 3.c4 e6 4.Nc3 exd5 5.cxd5 d6 6.Nf3 g6 7.Nd2 Nbd7 8.g3 Bg7
9.a4 O-O 10.Nc4 Nb6 11.Na3 Bf5 12.Bg2 Re8 13.O-O a6 14.a5 Nbd7 15.Nc4 Ne5
16.Nb6 Rb8 17.e4 Bg4 18.f3 Bc8 19.f4 Ned7 20.Nc4 Nf8 21.h3 Nh5 22.Kh2 Bd4
23.Ne2 Bh8 24.g4 Nf6 25.Nc3 Qc7 26.Qf3 h5 27.g5 N6d7 28.Na4 Nh7 29.Bd2 Ndf8
30.f5 Be5+ 31.Nxe5 Rxe5 32.Bf4 Nd7 33.Nb6 Re8 34.Nc4 Ne5 35.Nxe5 dxe5 36.Be3 b5
37.axb6 Rxb6 38.Rac1 Rxb2 39.Rxc5 Qe7 40.h4 Rb3 41.Rc6 Rf8 42.Qf2 Qd7 43.Bc5 gxf5
44.Bxf8 Nxf8 45.Qxf5 Qxf5 46.exf5 Bb7 47.Rc7 Rb4 48.Re1 Rxh4+ 49.Kg1 Rb4
50.Rxe5 a5 51.Ree7 Ba6 52.Rxf7 a4 53.Ra7 Bc4 54.Rg7+ Kh8 55.f6 Rb1+ 56.Kh2 Rb2
57.Ra8 Rxg2+ 58.Kh3  1-0

[Event "TCh-CZE Div1 Vychod 2012-13"]
[Site "Czech Republic CZE"]
[Date "2013.02.24"]
[Round "8.2"]
[White "Michalik,P"]
[Black "Simacek,P"]
[Result "0-1"]
[WhiteElo "2508"]
[BlackElo "2486"]

1.d4 Nf6 2.c4 c5 3.d5 e6 4.Nc3 exd5 5.cxd5 d6 6.Nf3 g6 7.Bf4 Bg7 8.Qa4+ Bd7
9.Qb3 Qc7 10.e3 Nh5 11.Bg5 h6 12.Bh4 g5 13.Bg3 Nxg3 14.hxg3 O-O 15.Nd2 Na6
16.Nb5 Bxb5 17.Bxb5 Qa5 18.Bd3 c4 19.Qxc4 Rac8 20.Qe4 Rfe8 21.Qh7+ Kf8 22.Rxh6 Nb4
23.Bf5 Qxd5 24.Bxc8 Rxc8 25.Rh1 Nc2+ 26.Ke2 Qb5+ 27.Kf3 Nxa1 28.Rxa1 g4+
29.Kxg4 Qb4+ 30.Ne4 Re8 31.Kf3 d5 32.Ng5 Re5 33.Nh3 d4 34.Nf4 Re8 35.Nd3 Qb5
36.a4 Qd5+ 37.e4 Qb3 38.Ra3 Qd1+ 39.Kf4 Re6 40.g4 Rh6 41.Qf5 Rf6 42.g5 Rxf5+
43.exf5 Ke8 44.b4 a5  0-1

[Event "Zagreb Open A 2013"]
[Site "Zagreb CRO"]
[Date "2013.02.26"]
[Round "2.9"]
[White "Zaja,I"]
[Black "Maslac,Z"]
[Result "1-0"]
[WhiteElo "2483"]
[BlackElo "2155"]

1.d4 Nf6 2.c4 e6 3.Nf3 c5 4.d5 exd5 5.cxd5 d6 6.Nc3 g6 7.Bf4 a6 8.e4 Nh5
9.Bg5 Be7 10.Bh6 Bg4 11.Be2 Bxf3 12.Bxf3 Bg5 13.Bxg5 Qxg5 14.Bxh5 gxh5 15.O-O Nd7
16.f4 Qg7 17.Qxh5 O-O-O 18.Rad1 Rhg8 19.Rf2 Nf6 20.Qf5+ Nd7 21.Re2 f6 22.Rd3 h5
23.Qxh5 Rh8 24.Qf5 Rh4 25.Rh3 Rxh3 26.Qxh3 f5 27.exf5 Rh8 28.Qd3 Qg4 29.Ne4 Qxf4
30.Qg3 Qxg3 31.hxg3 Kc7 32.g4 Ne5 33.g5 Rh4 34.g3  1-0

[Event "Zagreb Open A 2013"]
[Site "Zagreb CRO"]
[Date "2013.03.01"]
[Round "5.3"]
[White "Postny,E"]
[Black "Djurovic,G"]
[Result "1-0"]
[WhiteElo "2622"]
[BlackElo "2406"]

1.d4 Nf6 2.c4 e6 3.Nf3 c5 4.d5 d6 5.Nc3 exd5 6.cxd5 g6 7.Bf4 a6 8.a4 Bg7
9.h3 O-O 10.e3 Nh5 11.Bh2 f5 12.Be2 f4 13.O-O Nd7 14.Nd2 fxe3 15.fxe3 Rxf1+
16.Qxf1 Ne5 17.Bxh5 gxh5 18.Bxe5 Bxe5 19.Nc4 Qe7 20.Qf3 Bd7 21.Nxe5 Qxe5
22.Rf1 Kh8 23.Qf6+ Qxf6 24.Rxf6 Rg8 25.Kf2 Rg6 26.Rf7 Rg7 27.Rf8+ Rg8 28.Rxg8+ Kxg8
29.a5 Kf7 30.Kf3 Bb5 31.Ne4 Ke7 32.Ng3 Kf6 33.Kf4 h4 34.Nf5 Bf1 35.Nxh4 h6
36.e4 c4 37.Nf5 Bxg2 38.h4 Kg6 39.Nxd6 Kh5 40.Nxb7 Kxh4 41.d6  1-0

[Event "Zagreb Open A 2013"]
[Site "Zagreb CRO"]
[Date "2013.03.04"]
[Round "9.2"]
[White "Kozul,Z"]
[Black "Cebalo,M"]
[Result "1/2-1/2"]
[WhiteElo "2630"]
[BlackElo "2419"]

1.d4 Nf6 2.Nf3 c5 3.d5 e6 4.c4 d6 5.Nc3 exd5 6.cxd5 g6 7.Bf4 a6 8.a4 Bg7
9.e4 Bg4 10.Be2 Bxf3 11.Bxf3 O-O 12.O-O Qe7 13.Re1 Nbd7 14.Qd2 Rfe8 15.a5 h5
16.Bd1 Nh7 17.Ba4 Rad8 18.Rad1 g5 19.Be3 Rf8 20.Bxd7 Rxd7 21.Na4 Qf6 22.e5 Qxe5
23.Bxc5 Qf5 24.Ba3 Be5 25.Nb6 Rc7 26.Qd3 Qxd3 27.Rxd3 Nf6 28.g3 Re8 29.Kg2 g4
30.Re2 Kg7 31.h4 Rd8 32.b3 Rc3 33.Rxc3 Bxc3 34.Nc4 Nxd5 35.Nxd6 Rd7 36.Nc4 f6
37.Kf1 Kf7 38.Rc2 Bb4 39.Nb6 Nxb6 40.Bxb4 Nd5 41.Bd2 Ne7 42.Be3 Ke6 43.b4 Nc6
44.Bc5 Rd3 45.Ke2 Rb3 46.Rc4 Ke5 47.Kd2 Ke6 48.Kc2 Rf3 49.Be3 Rf5 50.Kb3 Rd5
51.Kc3 Kd6 52.Re4 Ne5 53.Bd4  1/2-1/2

[Event "131st Varsity Match"]
[Site "London ENG"]
[Date "2013.03.09"]
[Round "1.2"]
[White "Martyn,R"]
[Black "Shanmugam,R"]
[Result "1/2-1/2"]
[WhiteElo "2258"]
[BlackElo "2375"]

1.d4 Nf6 2.c4 c5 3.d5 e6 4.Nc3 exd5 5.cxd5 d6 6.Nf3 g6 7.e4 Bg7 8.Bd3 O-O
9.h3 b5 10.Nxb5 Re8 11.O-O Nxe4 12.Re1 Nf6 13.Bf4 Rxe1+ 14.Qxe1 Bb7 15.Nxd6 Bxd5
16.Bc4 Bxc4 17.Nxc4 Nc6 18.Rd1 Qe8 19.Qxe8+ Rxe8 20.Be3 Ne4 21.Kf1 Nb4 22.Rd7  1/2-1/2

[Event "TCh-CZE Div1 Zapad 2012-13"]
[Site "Czech Republic CZE"]
[Date "2013.03.17"]
[Round "9.3"]
[White "Kraus,To"]
[Black "Kopta,P"]
[Result "1-0"]
[WhiteElo "2290"]
[BlackElo "2303"]

1.d4 Nf6 2.c4 e6 3.Nf3 c5 4.d5 exd5 5.cxd5 d6 6.Nc3 g6 7.Bf4 a6 8.a4 Bg7
9.e3 Bg4 10.Be2 Bxf3 11.Bxf3 O-O 12.O-O Qc7 13.Qd2 Nbd7 14.Rfc1 Rfe8 15.a5 Ne5
16.Be2 Nfd7 17.h3 f5 18.b4 b5 19.axb6 Qxb6 20.bxc5 Nxc5 21.Na4 Nxa4 22.Rxa4 Ra7
23.e4 Qb3 24.Rb4 Qa3 25.exf5 gxf5 26.Be3 Rae7 27.Bg5 Ra7 28.Rbb1 Ng6 29.Bd3 Rf8
30.Qc2 Bd4 31.Rb3 Qa5 32.Bd2 Qd8 33.Bxf5 Qh4 34.Rf3 Kh8 35.g3 Qh5 36.Qe4 Ne5
37.Rf4 Bb2 38.Rb1 Rb7 39.Bc3 Bxc3 40.Rxb7 Rf7 41.Be6 Rxb7 42.Rf8+ Kg7 43.Rg8+ Kf6
44.Qf4+  1-0

[Event "30th Ciocaltea Mem 2013"]
[Site "Bucharest ROU"]
[Date "2013.03.18"]
[Round "4.5"]
[White "Shishkin,Va UKR"]
[Black "Hajbok,R"]
[Result "1-0"]
[WhiteElo "2488"]
[BlackElo "2339"]

1.d4 Nf6 2.c4 e6 3.Nc3 c5 4.d5 exd5 5.cxd5 d6 6.Nf3 g6 7.Bf4 a6 8.a4 Bg7
9.h3 O-O 10.e3 Re8 11.Nd2 Nbd7 12.Be2 Ne5 13.O-O Nfd7 14.e4 g5 15.Be3 Nf8
16.Bg4 Nfg6 17.g3 Nxg4 18.hxg4 Ne5 19.f3 Rb8 20.Qe2 h6 21.Rfb1 Qf6 22.Kg2 Qg6
23.Bf2 Bd7 24.a5 b5 25.axb6 Rxb6 26.Rxa6 Reb8 27.Rxb6 Rxb6 28.Nc4 Nxc4 29.Qxc4 Rb4
30.Qd3 Be5 31.Qc2 Kg7 32.Ra1 Bb5 33.Rb1 Bd7 34.Na2 Rb7 35.b4 cxb4 36.Nxb4 h5
37.gxh5 Qxh5 38.Rh1 Qg6 39.Nc6 Qf6 40.Qd3 Rb2 41.Nxe5 Qxe5 42.Rc1 Bb5 43.Qc3 Qxc3
44.Rxc3 f6 45.g4 Kf7 46.Kg3 Bf1 47.Rc7+ Ke8 48.Rh7 Rd2 49.Rh1 Be2 50.Be3 Rd3
51.Kf2 Bd1 52.Rh8+ Kf7 53.Rh7+ Ke8 54.Ra7 Rb3 55.Ra2 Rd3 56.Ra7 Rb3 57.Ra1 Rd3
58.Rc1 Kd7 59.Rb1 Ke7 60.Rb7+ Ke8 61.Rh7 Rb3 62.Rh1 Rd3 63.Rh3 Ke7 64.Bb6 Kd7
65.Ba5 Rb3 66.Bd2 Ke8 67.Be3 Rd3 68.Rh1 Ke7 69.Re1 Kd7 70.Kg3 Ke7 71.f4 Kf7
72.fxg5 fxg5 73.Kf2 Bxg4 74.Rg1 Bh5 75.Rxg5 Bg6 76.Rg4 Bxe4 77.Rxe4 Rxd5
78.Bd4 Rh5 79.Ke2 Rh3 80.Be3 Rh5 81.Bf4 Rd5 82.Re3 Kf6 83.Kf3 Rd1 84.Re8 Kf5
85.Ke2 Rd4 86.Ke3 Rd1 87.Bg3 Rd5 88.Rh8 Ke6 89.Ke4 Rd2 90.Rh7 Rd1 91.Rg7 Rd2
92.Ra7 Rd1 93.Rg7 Rd2 94.Rh7 Rd1 95.Bh4 d5+ 96.Kf3 Rd4 97.Bf2 Re4 98.Bg3 Rc4
99.Rh6+ Ke7 100.Ke3 Ra4 101.Bh2 Ra5 102.Kd4 Ra4+ 103.Ke5 Re4+ 104.Kxd5 Re1
105.Be5 Rd1+ 106.Bd4 Kf7 107.Rf6+ Ke7 108.Rf3 Rd2 109.Rg3 Kf8 110.Rg4 Ra2
111.Ke6 Ra6+ 112.Kf5 Ke7 113.Rg7+ Kd8 114.Ke5 Rh6 115.Kd5 Ke8 116.Bc5 Rh5+
117.Kc6 Re5 118.Bd6 Re2 119.Kd5 Re1 120.Rh7 Re2 121.Rb7 Re1 122.Be5 Kf8 123.Ke6 Kg8
124.Rg7+ Kf8 125.Rg2 Re4 126.Rf2+ Kg8 127.Rh2  1-0

[Event "3rd HD Bank Cup 2013"]
[Site "Ho Chi Minh City VIE"]
[Date "2013.03.19"]
[Round "2.19"]
[White "Ashwin,J"]
[Black "Chu Wei Chao"]
[Result "1-0"]
[WhiteElo "2472"]
[BlackElo "2243"]

1.d4 Nf6 2.c4 c5 3.d5 e6 4.Nc3 exd5 5.cxd5 d6 6.Nf3 g6 7.g3 Bg7 8.Bg2 O-O
9.O-O a6 10.a4 Nbd7 11.Bf4 Qe7 12.Qd2 Rb8 13.Rab1 Ng4 14.b4 Nge5 15.Nxe5 Bxe5
16.Rfc1 cxb4 17.Rxb4 Nc5 18.Bxe5 Qxe5 19.a5 Bd7 20.f4 Qe7 21.e4 Rbc8 22.Re1 Rfe8
23.Rb6 Bf5 24.h3 Bxe4 25.Rxe4 Nxe4 26.Nxe4 f5 27.Nxd6 Qe1+ 28.Qxe1 Rxe1+
29.Kf2 Rcc1 30.Rxb7 Red1 31.Rb2 Kg7 32.Re2 Rb1 33.Ne8+ Kf7 34.Nc7 Ra1 35.Nxa6 Rxa5
36.Nb4 h6 37.Bf3 Raa1 38.Nc6 Rf1+ 39.Kg2 Rfe1 40.Ne5+ Kf6 41.Rd2  1-0